| 000 | 01272nam a2200277 a 4500 | ||
|---|---|---|---|
| 001 | 000048405 | ||
| 003 | DO-SdBNP | ||
| 005 | 20250113131851.0 | ||
| 008 | 090831s2015 dr c r 000 0 spa d | ||
| 020 | _a9789945462821 | ||
| 040 |
_aDO-SdBNP _bspa _cBNPHU |
||
| 082 |
_a972.93054 _bC111f, 2015 |
||
| 245 | 0 | 0 |
_aCaamaño frente a la O.E.A. : _bactas de las reuniones del gobierno constitucional que encabezó el presidente constitucional Francisco Alberto Caamaño Deñó, con la Comisión de la O.E.A. y otros documentos relativos a la Guerra Patria de abril 1965 /. |
| 250 | _a2a ed. | ||
| 260 |
_aSanto Domingo : _bComisión Permanente de Efemérides Patrias, _fBúho _c2015. |
||
| 300 |
_av. : _bretrs. ; _c24 cm. |
||
| 490 | 1 |
_a50 aniversario de la Geta Patriótica de Abril de 1965 ; _v4 ; |
|
| 590 | _aInventariado, 2019/ YL | ||
| 600 | 1 | 4 |
_aCaamaño Deño, Francisco Alberto, _d1932-1973 _910026 |
| 610 | 2 | 0 |
_aOrganización de los Estados Americanos _917918 |
| 650 | 4 |
_aGuerrillas _zRepública Dominicana _917919 |
|
| 651 | 4 |
_aRepública Dominicana _xHistoria _yRevolución, 1965 _92167 |
|
| 700 | 1 |
_aCury, Jottin, _d1921-2011 _epról. _gDe la 1ra. ed. _975811 |
|
| 830 | 0 |
_a50 aniversario de la Geta Patriótica de Abril de 1965 _n4 _975812 |
|
| 942 |
_2ddc _cLBS1 |
||
| 999 |
_c47893 _d47893 |
||